| 000 | 00492nam a22001817a 4500 | ||
|---|---|---|---|
| 003 | BD-ChCU | ||
| 005 | 20251120132714.0 | ||
| 008 | 251120b bg ||||| |||| 00| 0 ben d | ||
| 040 | _cBD-ChCU | ||
| 082 | _a510 SOM | ||
| 100 |
_aSokolnikoff, I. S. and Redheffer, R. M. _916538 |
||
| 245 | _aMathematics of Physics and modern engineering.// | ||
| 250 | _a2nd ed. | ||
| 260 |
_aNew York. _bMcGraw-Hill _c1958 |
||
| 300 | _axi, 752p | ||
| 650 | 0 |
_aMathematics. _916539 |
|
| 942 |
_2ddc _cBK _n0 |
||
| 999 |
_c109642 _d109642 |
||